{"text_format":"3","workbook":"xlsx","n_sheets":6,"sheets":["表-04 单位工程招标控制价汇总表-1","表-08 分部分项工程和单价措施项目清单与计价表-1","1.1.1综合单价计算表","表-11 总价措施项目清单与计价表-1","表-12 其他项目清单与计价汇总表-1","表-13 规费、税金项目清单与计价表-1"],"read":"whole","date_system":"1900"}

{"sheet":"表-04 单位工程招标控制价汇总表-1","index":0,"n_rows":38,"n_cols":6,"rows_kept":38,"merged":[[0,0,0,6],[1,0,1,2],[1,4,1,6],[2,2,2,4],[3,2,3,4],[4,2,4,4],[5,2,5,4],[6,2,6,4],[7,2,7,4],[8,2,8,4],[9,2,9,4],[10,2,10,4],[11,2,11,4],[12,2,12,4],[13,2,13,4],[14,2,14,4],[15,2,15,4],[16,2,16,4],[17,2,17,4],[18,2,18,4],[19,2,19,4],[20,2,20,4],[21,2,21,4],[22,2,22,4],[23,2,23,4],[24,2,24,4],[25,2,25,4],[26,2,26,4],[27,2,27,4],[28,2,28,4],[29,2,29,4],[30,2,30,4],[31,2,31,4],[32,2,32,4],[33,2,33,4],[34,2,34,4],[35,0,35,1],[35,2,35,4],[36,0,36,6],[37,0,37,2],[37,4,37,6]]}
["单位工程招标控制价汇总表"]
["工程名称：南村镇政府大院内加装电梯工程（土建部分）",null,null,"标段：","第 1 页  共 1 页"]
["序号","汇总内容","金额:(元)",null,null,"其中：暂估价(元)"]
["1","分部分项合计","369481.13"]
["1.1","餐厅","157292.61"]
["1.2","宿舍","212188.52"]
["2","措施合计","68197.43"]
["2.1","绿色施工安全防护措施费","34785.31"]
["2.2","其他措施费","33412.12"]
["3","其他项目","6649.64",null,null,"－"]
["3.1","暂列金额"]
["3.2","暂估价"]
["3.3","计日工"]
["3.4","总承包服务费"]
["3.5","预算包干费","6649.64"]
["3.6","工程优质费"]
["3.7","概算幅度差"]
["3.8","索赔费用"]
["3.9","现场签证费用"]
["3.10","其他费用"]
["4","税前工程造价","444328.20"]
["5","增值税销项税额","39989.54",null,null,"－"]
["6","总造价","484317.74"]
["7","人工费","91168.01"]
{"$rows_empty":11}
["招标控制价合计=1+2+3+4+5",null,"484,317.74",null,null,"0.00"]
["注：本表适用于单位工程招标控制价或投标报价的汇总，如无单位工程划分，单项工程也使用本表汇总"]
[{"$nulls":4},"表—04"]

{"sheet":"表-08 分部分项工程和单价措施项目清单与计价表-1","index":1,"n_rows":165,"n_cols":11,"rows_kept":165,"merged":[[0,0,0,11],[1,0,1,3],[1,4,1,7],[1,8,1,11],[2,0,4,0],[2,1,4,1],[2,2,4,2],[2,3,4,4],[2,5,4,5],[2,6,4,6],[2,7,2,10],[3,7,4,8],[3,9,4,9],[5,3,5,4],[5,7,5,8],[6,3,6,4],[6,7,6,8],[7,3,7,4],[7,7,7,8],[8,3,8,4],[8,7,8,8],[9,3,9,4],[9,7,9,8],[10,3,10,4],[10,7,10,8],[11,3,11,4],[11,7,11,8],[12,3,12,4],[12,7,12,8],[13,3,13,4],[13,7,13,8],[14,3,14,4],[14,7,14,8],[15,0,15,8],[16,0,16,11],[17,0,17,3],[17,4,17,7],[17,8,17,11],[18,0,18,11],[19,0,19,3],[19,4,19,7],[19,8,19,11],[20,0,22,0],[20,1,22,1],[20,2,22,2],[20,3,22,4],[20,5,22,5],[20,6,22,6],[20,7,20,10],[21,7,22,8],[21,9,22,9],[23,3,23,4],[23,7,23,8],[24,3,24,4],[24,7,24,8],[25,3,25,4],[25,7,25,8],[26,3,26,4],[26,7,26,8],[27,3,27,4],[27,7,27,8],[28,3,28,4],[28,7,28,8],[29,3,29,4],[29,7,29,8],[30,3,30,4],[30,7,30,8],[31,3,31,4],[31,7,31,8],[32,3,32,4],[32,7,32,8],[33,3,33,4],[33,7,33,8],[34,3,34,4],[34,7,34,8],[35,3,35,4],[35,7,35,8],[36,3,36,4],[36,7,36,8],[37,0,37,8],[38,0,38,11],[39,0,39,3],[39,4,39,7],[39,8,39,11],[40,0,40,11],[41,0,41,3],[41,4,41,7],[41,8,41,11],[42,0,44,0],[42,1,44,1],[42,2,44,2],[42,3,44,4],[42,5,44,5],[42,6,44,6],[42,7,42,10],[43,7,44,8],[43,9,44,9],[45,3,45,4],[45,7,45,8],[46,3,46,4],[46,7,46,8],[47,3,47,4],[47,7,47,8],[48,3,48,4],[48,7,48,8],[49,3,49,4],[49,7,49,8],[50,3,50,4],[50,7,50,8],[51,3,51,4],[51,7,51,8],[52,0,52,8],[53,0,53,11],[54,0,54,3],[54,4,54,7],[54,8,54,11],[55,0,55,11],[56,0,56,3],[56,4,56,7],[56,8,56,11],[57,0,59,0],[57,1,59,1],[57,2,59,2],[57,3,59,4],[57,5,59,5],[57,6,59,6],[57,7,57,10],[58,7,59,8],[58,9,59,9],[60,3,60,4],[60,7,60,8],[61,3,61,4],[61,7,61,8],[62,3,62,4],[62,7,62,8],[63,3,63,4],[63,7,63,8],[64,3,64,4],[64,7,64,8],[65,3,65,4],[65,7,65,8],[66,3,66,4],[66,7,66,8],[67,3,67,4],[67,7,67,8],[68,3,68,4],[68,7,68,8],[69,3,69,4],[69,7,69,8],[70,3,70,4],[70,7,70,8],[71,0,71,8],[72,0,72,11],[73,0,73,3],[73,4,73,7],[73,8,73,11],[74,0,74,11],[75,0,75,3],[75,4,75,7],[75,8,75,11],[76,0,78,0],[76,1,78,1],[76,2,78,2],[76,3,78,4],[76,5,78,5],[76,6,78,6],[76,7,76,10],[77,7,78,8],[77,9,78,9],[79,3,79,4],[79,7,79,8],[80,3,80,4],[80,7,80,8],[81,3,81,4],[81,7,81,8],[82,3,82,4],[82,7,82,8],[83,3,83,4],[83,7,83,8],[84,3,84,4],[84,7,84,8],[85,3,85,4],[85,7,85,8],[86,3,86,4],[86,7,86,8],[87,3,87,4],[87,7,87,8],[88,3,88,4],[88,7,88,8],[89,3,89,4],[89,7,89,8],[90,3,90,4],[90,7,90,8],[91,3,91,4],[91,7,91,8],[92,3,92,4],[92,7,92,8],[93,3,93,4],[93,7,93,8],[94,3,94,4],[94,7,94,8],[95,0,95,8],[96,0,96,11],[97,0,97,3],[97,4,97,7],[97,8,97,11],[98,0,98,11],[99,0,99,3],[99,4,99,7],[99,8,99,11],[100,0,102,0],[100,1,102,1],[100,2,102,2],[100,3,102,4],[100,5,102,5],[100,6,102,6],[100,7,100,10],[101,7,102,8],[101,9,102,9],[103,3,103,4],[103,7,103,8],[104,3,104,4],[104,7,104,8],[105,3,105,4],[105,7,105,8],[106,3,106,4],[106,7,106,8],[107,3,107,4],[107,7,107,8],[108,3,108,4],[108,7,108,8],[109,3,109,4],[109,7,109,8],[110,3,110,4],[110,7,110,8],[111,0,111,8],[112,0,112,11],[113,0,113,3],[113,4,113,7],[113,8,113,11],[114,0,114,11],[115,0,115,3],[115,4,115,7],[115,8,115,11],[116,0,118,0],[116,1,118,1],[116,2,118,2],[116,3,118,4],[116,5,118,5],[116,6,118,6],[116,7,116,10],[117,7,118,8],[117,9,118,9],[119,3,119,4],[119,7,119,8],[120,3,120,4],[120,7,120,8],[121,3,121,4],[121,7,121,8],[122,3,122,4],[122,7,122,8],[123,3,123,4],[123,7,123,8],[124,3,124,4],[124,7,124,8],[125,3,125,4],[125,7,125,8],[126,3,126,4],[126,7,126,8],[127,3,127,4],[127,7,127,8],[128,3,128,4],[128,7,128,8],[129,3,129,4],[129,7,129,8],[130,3,130,4],[130,7,130,8],[131,3,131,4],[131,7,131,8],[132,0,132,8],[133,0,133,11],[134,0,134,3],[134,4,134,7],[134,8,134,11],[135,0,135,11],[136,0,136,3],[136,4,136,7],[136,8,136,11],[137,0,139,0],[137,1,139,1],[137,2,139,2],[137,3,139,4],[137,5,139,5],[137,6,139,6],[137,7,137,10],[138,7,139,8],[138,9,139,9],[140,3,140,4],[140,7,140,8],[141,3,141,4],[141,7,141,8],[142,3,142,4],[142,7,142,8],[143,3,143,4],[143,7,143,8],[144,3,144,4],[144,7,144,8],[145,3,145,4],[145,7,145,8],[146,3,146,4],[146,7,146,8],[147,3,147,4],[147,7,147,8],[148,3,148,4],[148,7,148,8],[149,3,149,4],[149,7,149,8],[150,3,150,4],[150,7,150,8],[151,3,151,4],[151,7,151,8],[152,3,152,4],[152,7,152,8],[153,3,153,4],[153,7,153,8],[154,3,154,4],[154,7,154,8],[155,3,155,4],[155,7,155,8],[156,3,156,4],[156,7,156,8],[157,3,157,4],[157,7,157,8],[158,3,158,4],[158,7,158,8],[159,3,159,4],[159,7,159,8],[160,3,160,4],[160,7,160,8],[161,0,161,8],[162,0,162,8],[163,0,163,11],[164,0,164,3],[164,4,164,7],[164,8,164,11]]}
["分部分项工程和单价措施项目清单与计价表"]
["工程名称：南村镇政府大院内加装电梯工程（土建部分）",{"$nulls":3},"标段：",{"$nulls":3},"第 1 页  共 8 页"]
["序号","项目编码","项目名称","项目特征描述",null,"计量单位","工程量","金额（元）"]
[{"$nulls":7},"综合单价",null,"综合合价","其中"]
[{"$nulls":10},"暂估价"]
[null,null,"餐厅",{"$nulls":6},157292.61]
[1,"011601001001","砖砌体拆除","1.开门窗洞口 200厚轻质砖墙\n2.拆除废料外运 人工装自卸汽车运 运距综合考虑",null,"m3",4.3827,214.14,null,938.51]
[2,"011610002001","金属门窗拆除","1.门窗拆除(整樘) 金属 原有铝合金窗\n2.拆除废料外运 人工装自卸汽车运 运距综合考虑",null,"m2",31.5615,32.28,null,1018.81]
[3,"011602001001","混凝土构件拆除","1.风动凿岩机拆除现浇混凝土 钢筋混凝土基础\n2.拆除废料外运 人工装自卸汽车运 3km内 \u007f实际运距(km):15",null,"m3",2.86,701.75,null,2007.01]
[4,"010101003001","挖沟槽土方","1.人工挖沟槽土方 综合类土\n2.挖掘机挖沟槽、基坑土方 综合类土",null,"m3",39.3498,21.67,null,852.71]
[5,"010103001001","回填方","1.回填土 夯实机夯实 槽、坑",null,"m3",22.654,19.53,null,442.43]
[6,"010103002001","余方弃置","1.挖掘机装土方\n2.自卸汽车运土方 运距15公里",null,"m3",16.6958,43.87,null,732.44]
[7,"010302001001","泥浆护壁成孔灌注桩","1.土壤级别:二级土\n2.单桩长度:20m  \n3.桩截面:桩径600mm  \n4.成孔方法:机械钻孔灌注桩\n5.混凝土强度等级:C30水下混凝土",null,"m3",23.16,1608.04,null,37242.21]
[8,"粤010302008001","入岩增加费","1.地层情况:强风化岩\n2.入岩厚度:3m\n3.成孔方法:机械钻孔灌注桩",null,"m3",3.3912,1227.35,null,4162.19]
[9,"010515004001","钢筋笼","1.桩钢筋笼制作安装",null,"t",1.584,5727.92,null,9073.03]
["本页小计",{"$nulls":8},56469.34]
["注：为计取规费等的使用，可在表中增设其中：“定额人工费”。"]
[{"$nulls":8},"表—08"]
["分部分项工程和单价措施项目清单与计价表"]
["工程名称：南村镇政府大院内加装电梯工程（土建部分）",{"$nulls":3},"标段：",{"$nulls":3},"第 2 页  共 8 页"]
["序号","项目编码","项目名称","项目特征描述",null,"计量单位","工程量","金额（元）"]
[{"$nulls":7},"综合单价",null,"综合合价","其中"]
[{"$nulls":10},"暂估价"]
[10,"010401003001","实心砖墙","1.砖品种、规格、强度等级:B07加气混凝土砌块\n2.墙体类型:混水墙  \n3.墙体厚度:240mm(或一砖)  \n4.砂浆强度等级:WM M5.0-70-12-GB/T25181-2010预拌砂浆",null,"m3",2.9754,640.51,null,1905.77]
[11,"010501001001","垫层","1.混凝土垫层 C15素混凝土",null,"m3",1.4699,668.41,null,982.5]
[12,"010501005002","桩承台基础","1.混凝土强度等级:C30商品混凝土",null,"m3",11.4227,713.59,null,8151.12]
[13,"010501005001","桩承台基础--电梯坑","1.混凝土强度等级:C30商品混凝土",null,"m3",3.5942,768,null,2760.35]
[14,"010503001001","基础梁","1.混凝土强度等级:C30商品混凝土",null,"m3",0.6,711.58,null,426.95]
[15,"010503002001","矩形梁","1.混凝土强度等级:C30商品混凝土",null,"m3",3.1176,727.53,null,2268.15]
[16,"010504001001","直形墙","1.混凝土强度等级:C30商品混凝土",null,"m3",23.817,755.08,null,17983.74]
[17,"010505001001","有梁板","1.混凝土强度等级:C30商品混凝土",null,"m3",1.4502,729.94,null,1058.56]
[18,"010507002001","室外地坪","1.混凝土强度等级:C30商品混凝土",null,"m2",2.552,65.84,null,168.02]
[19,"010515001001","现浇构件钢筋","1.现浇构件箍筋 带肋钢筋(HRB400内) φ10以内",null,"t",1.154,6622.38,null,7642.23]
[20,"010515001002","现浇构件钢筋","1.现浇构件带肋钢筋(Ⅲ级以上) φ10以内",null,"t",0.922,5480.47,null,5052.99]
[21,"010515001003","现浇构件钢筋","1.现浇构件带肋钢筋(Ⅲ级以上) φ25以内",null,"t",2.131,5191.84,null,11063.81]
[22,"010807001001","金属(塑钢、断桥)窗","1.框、扇材质:90系列四扇铝合金推拉窗（8厚钢化玻璃）",null,"m2",11.06,434.24,null,4802.69]
[23,"010807001002","金属(塑钢、断桥)窗","1.框、扇材质:90系列双扇铝合金推拉窗（8厚钢化玻璃）",null,"m2",9,532.39,null,4791.51]
["本页小计",{"$nulls":8},69058.39]
["注：为计取规费等的使用，可在表中增设其中：“定额人工费”。"]
[{"$nulls":8},"表—08"]
["分部分项工程和单价措施项目清单与计价表"]
["工程名称：南村镇政府大院内加装电梯工程（土建部分）",{"$nulls":3},"标段：",{"$nulls":3},"第 3 页  共 8 页"]
["序号","项目编码","项目名称","项目特征描述",null,"计量单位","工程量","金额（元）"]
[{"$nulls":7},"综合单价",null,"综合合价","其中"]
[{"$nulls":10},"暂估价"]
[24,"010902003001","屋面刚性层","1.现浇钢筋混凝土屋面板，板面清扫干净\n2.30厚（最薄处）1：8粉煤灰陶粒混凝土找坡2%坡\n3.20厚WSM15水泥砂浆找平层\n4.合成高分子防水卷材≥1.2厚，合成高分子防水涂料≥1.5厚，基层处理剂一遍\n5.干铺40厚挤塑聚苯板（燃烧性能B1级）\n6.20厚WSM15干硬性水泥砂浆，面撒素水泥一道并抹平",null,"m2",10.91,191.46,null,2088.83]
[25,"011102003001","块料楼地面","1.20厚WSM20水泥砂浆打底找平\n2.3厚水泥防水砂浆贴300*300*10米黄色防滑砖\n3.1：1氯丁胶水泥砂浆扫缝",null,"m2",12.3,106.89,null,1314.75]
[26,"011105002001","石材踢脚线","1.踢脚线高度:100mm\n2.砂浆灌注层厚度、配合比:4厚WS M25水泥砂浆加水重20%白乳胶\n3.面层材料品种、规格:黑金沙踢脚线300*100高",null,"m2",0.449,322.48,null,144.79]
[27,"011201001001","墙面一般抹灰--内墙面","1.5厚腻子面（分三道），底漆一道，抗菌防霉型无机涂料面漆二道",null,"m2",59.633,57.14,null,3407.43]
[28,"011201001002","墙面一般抹灰--外墙面","1.15厚WPM20水泥防水砂浆打底，7厚聚合物防水砂浆\n2.5厚WPM10水泥石灰砂浆批面\n3.喷涂米黄色外墙石漆两道（颜色由业主自选，施工队提供）",null,"m2",116.624,177.28,null,20675.1]
[29,"011301001001","天棚抹灰","1.面刮5厚乳胶腻子刮面（分三道）\n2.面扫抗菌防霉型无机涂料三遍",null,"m2",11.61,65.55,null,761.04]
[30,"040202015001","水泥稳定碎(砾)石","1.厚度:180mm \n2.水泥含量:6％ \n3.石料规格:石粉",null,"m2",14.3,67.16,null,960.39]
["本页小计",{"$nulls":8},29352.33]
["注：为计取规费等的使用，可在表中增设其中：“定额人工费”。"]
[{"$nulls":8},"表—08"]
["分部分项工程和单价措施项目清单与计价表"]
["工程名称：南村镇政府大院内加装电梯工程（土建部分）",{"$nulls":3},"标段：",{"$nulls":3},"第 4 页  共 8 页"]
["序号","项目编码","项目名称","项目特征描述",null,"计量单位","工程量","金额（元）"]
[{"$nulls":7},"综合单价",null,"综合合价","其中"]
[{"$nulls":10},"暂估价"]
[31,"040203007001","水泥混凝土--混凝土地面修复","1.混凝土强度等级:C25混凝土\n2.厚度:200mm    \n3.掺合料:无 \n4.配合比:按规范要求",null,"m2",14.3,168.71,null,2412.55]
[null,null,"宿舍",{"$nulls":6},212188.52]
[32,"011601001002","砖砌体拆除","1.开门窗洞口 180厚轻质砖墙\n2.拆除废料外运 人工装自卸汽车运 运距综合考虑",null,"m3",4.2894,214.14,null,918.53]
[33,"011610002002","金属门窗拆除","1.门窗拆除(整樘) 金属 原有铝合金窗\n2.拆除废料外运 人工装自卸汽车运 运距综合考虑",null,"m2",7.68,49.1,null,377.09]
[34,"011602001003","混凝土构件拆除","1.风动凿岩机拆除现浇混凝土 钢筋混凝土基础\n2.拆除废料外运 人工装自卸汽车运 3km内 \u007f实际运距(km):15",null,"m3",3.96,701.75,null,2778.93]
[35,"010101003002","挖沟槽土方","1.人工挖沟槽土方 综合类土\n2.挖掘机挖沟槽、基坑土方 综合类土",null,"m3",60.6575,21.89,null,1327.79]
[36,"010103001002","回填方","1.回填土 夯实机夯实 槽、坑",null,"m3",51.1293,19.53,null,998.56]
[37,"010103002002","余方弃置","1.挖掘机装土方\n2.自卸汽车运土方 运距15公里",null,"m3",9.5282,43.86,null,417.91]
[38,"010302001002","泥浆护壁成孔灌注桩","1.土壤级别:二级土\n2.单桩长度:20m  \n3.桩截面:桩径600mm  \n4.成孔方法:机械钻孔灌注桩\n5.混凝土强度等级:C30水下混凝土",null,"m3",23.16,1608.04,null,37242.21]
[39,"粤010302008002","入岩增加费","1.地层情况:强风化岩\n2.入岩厚度:3m\n3.成孔方法:机械钻孔灌注桩",null,"m3",3.3912,1227.35,null,4162.19]
[40,"010515004002","钢筋笼","1.桩钢筋笼制作安装",null,"t",1.584,5697.39,null,9024.67]
["本页小计",{"$nulls":8},59660.43]
["注：为计取规费等的使用，可在表中增设其中：“定额人工费”。"]
[{"$nulls":8},"表—08"]
["分部分项工程和单价措施项目清单与计价表"]
["工程名称：南村镇政府大院内加装电梯工程（土建部分）",{"$nulls":3},"标段：",{"$nulls":3},"第 5 页  共 8 页"]
["序号","项目编码","项目名称","项目特征描述",null,"计量单位","工程量","金额（元）"]
[{"$nulls":7},"综合单价",null,"综合合价","其中"]
[{"$nulls":10},"暂估价"]
[41,"010401003002","实心砖墙","1.砖品种、规格、强度等级:B07加气混凝土砌块\n2.墙体类型:混水墙  \n3.墙体厚度:240mm(或一砖)  \n4.砂浆强度等级:WM M5.0-70-12-GB/T25181-2010预拌砂浆",null,"m3",6.039,640.51,null,3868.04]
[42,"010501001002","垫层","1.混凝土垫层 C15素混凝土",null,"m3",2.0532,668.41,null,1372.38]
[43,"010501005003","桩承台基础","1.混凝土强度等级:C30商品混凝土",null,"m3",19.8414,713.59,null,14158.62]
[44,"010501005004","桩承台基础--电梯坑","1.混凝土强度等级:C30商品混凝土",null,"m3",5.1092,747.8,null,3820.66]
[45,"010503001002","基础梁","1.混凝土强度等级:C30商品混凝土",null,"m3",0.205,711.58,null,145.87]
[46,"010503002002","矩形梁","1.混凝土强度等级:C30商品混凝土",null,"m3",5.366,727.53,null,3903.93]
[47,"010504001002","直形墙","1.混凝土强度等级:C30商品混凝土",null,"m3",26.2807,755.08,null,19844.03]
[48,"010505001002","有梁板","1.混凝土强度等级:C30商品混凝土",null,"m3",2.1972,729.94,null,1603.82]
[49,"010505008001","雨篷、悬挑板、阳台板","1.混凝土强度等级:C30商品混凝土",null,"m3",0.12,898.42,null,107.81]
[50,"010507002002","室外地坪","1.混凝土强度等级:C30商品混凝土",null,"m2",1.435,65.84,null,94.48]
[51,"010515001004","现浇构件钢筋","1.现浇构件箍筋 带肋钢筋(HRB400内) φ10以内",null,"t",2.09,6622.38,null,13840.77]
[52,"010515001005","现浇构件钢筋","1.现浇构件带肋钢筋(Ⅲ级以上) φ10以内",null,"t",1.779,5480.47,null,9749.76]
[53,"010515001006","现浇构件钢筋","1.现浇构件带肋钢筋(Ⅲ级以上) φ25以内",null,"t",2.961,5191.84,null,15373.04]
[54,"010501003001","独立基础","1.混凝土强度等级:C30商品混凝土",null,"m3",0.12,713.59,null,85.63]
[55,"010516002001","预埋铁件","1.预埋铁件",null,"t",0.0428,11442.13,null,489.72]
[56,"010606008001","钢梯",null,null,"t",0.3091,7408.34,null,2289.92]
["本页小计",{"$nulls":8},90748.48]
["注：为计取规费等的使用，可在表中增设其中：“定额人工费”。"]
[{"$nulls":8},"表—08"]
["分部分项工程和单价措施项目清单与计价表"]
["工程名称：南村镇政府大院内加装电梯工程（土建部分）",{"$nulls":3},"标段：",{"$nulls":3},"第 6 页  共 8 页"]
["序号","项目编码","项目名称","项目特征描述",null,"计量单位","工程量","金额（元）"]
[{"$nulls":7},"综合单价",null,"综合合价","其中"]
[{"$nulls":10},"暂估价"]
[57,"011503001001","金属扶手、栏杆、栏板","1.金属扶手、栏杆、栏板",null,"m",3.8,210.26,null,798.99]
[58,"010807001003","金属(塑钢、断桥)窗","1.框、扇材质:90系列双扇铝合金推拉窗（8厚钢化玻璃）",null,"m2",14.4,434.24,null,6253.06]
[59,"010807001004","金属(塑钢、断桥)窗","1.框、扇材质:90系列单扇铝合金平开窗（8厚钢化玻璃）",null,"m2",0.4,592.46,null,236.98]
[60,"010802001001","金属(塑钢)门","1.新建不锈钢门制安（含门锁及配件）",null,"m2",1.89,662.57,null,1252.26]
[61,"010902003002","屋面刚性层","1.现浇钢筋混凝土屋面板，板面清扫干净\n2.30厚（最薄处）1：8粉煤灰陶粒混凝土找坡2%坡\n3.20厚WSM15水泥砂浆找平层\n4.合成高分子防水卷材≥1.2厚，合成高分子防水涂料≥1.5厚，基层处理剂一遍\n5.干铺40厚挤塑聚苯板（燃烧性能B1级）\n6.20厚WSM15干硬性水泥砂浆，面撒素水泥一道并抹平",null,"m2",8.86,184.72,null,1636.62]
[62,"011102003002","块料楼地面","1.20厚WSM20水泥砂浆打底找平\n2.3厚水泥防水砂浆贴300*300*10米黄色防滑砖\n3.1：1氯丁胶水泥砂浆扫缝",null,"m2",15.36,106.89,null,1641.83]
[63,"011105002002","石材踢脚线","1.踢脚线高度:100mm\n2.砂浆灌注层厚度、配合比:4厚WS M25水泥砂浆加水重20%白乳胶\n3.面层材料品种、规格:黑金沙踢脚线300*100高",null,"m2",1.279,322.53,null,412.52]
[64,"011201001003","墙面一般抹灰--内墙面","1.5厚腻子面（分三道），底漆一道，抗菌防霉型无机涂料面漆二道",null,"m2",126.0969,57.14,null,7205.18]
["本页小计",{"$nulls":8},19437.44]
["注：为计取规费等的使用，可在表中增设其中：“定额人工费”。"]
[{"$nulls":8},"表—08"]
["分部分项工程和单价措施项目清单与计价表"]
["工程名称：南村镇政府大院内加装电梯工程（土建部分）",{"$nulls":3},"标段：",{"$nulls":3},"第 7 页  共 8 页"]
["序号","项目编码","项目名称","项目特征描述",null,"计量单位","工程量","金额（元）"]
[{"$nulls":7},"综合单价",null,"综合合价","其中"]
[{"$nulls":10},"暂估价"]
[65,"011201001004","墙面一般抹灰--外墙面","1.15厚WPM20水泥防水砂浆打底，7厚聚合物防水砂浆\n2.5厚WPM10水泥石灰砂浆批面\n3.喷涂米黄色外墙石漆两道（颜色由业主自选，施工队提供）",null,"m2",225.251,172.32,null,38815.25]
[66,"011301001002","天棚抹灰","1.面刮5厚乳胶腻子刮面（分三道）\n2.面扫抗菌防霉型无机涂料三遍",null,"m2",19.363,65.55,null,1269.24]
[67,"040202015002","水泥稳定碎(砾)石","1.厚度:180mm \n2.水泥含量:6％ \n3.石料规格:石粉",null,"m2",19.8,67.16,null,1329.77]
[68,"040203007002","水泥混凝土--混凝土地面修复","1.混凝土强度等级:C25混凝土\n2.厚度:200mm    \n3.掺合料:无 \n4.配合比:按规范要求",null,"m2",19.8,168.71,null,3340.46]
[null,null,"措施项目",{"$nulls":6},50148.4]
[69,"粤011701008001","综合钢脚手架","1.综合钢脚手架搭拆 高度(m以内) 12.5",null,"m2",127.68,22.61,null,2886.84]
[70,"粤011701008002","综合钢脚手架","1.综合钢脚手架搭拆 高度(m以内) 30.5",null,"m2",229.6205,39.3,null,9024.09]
[71,"粤011701015002","电梯井脚手架","1.电梯井脚手架(钢管) 高度(m以内) 20",null,"座",1,1818.91,null,1818.91]
[72,"粤011701015001","电梯井脚手架","1.电梯井脚手架(钢管) 高度(m以内) 30",null,"座",1,3006.44,null,3006.44]
[73,"011702001003","基础垫层模板","1.基础垫层模板",null,"m2",1.862,29.79,null,55.47]
[74,"011702001004","桩承台模板","1.桩承台模板",null,"m2",17.82,49.12,null,875.32]
[75,"011702005002","基础梁模板","1.基础梁模板",null,"m2",1.856,58.17,null,107.96]
[76,"011702013002","短肢剪力墙、电梯井壁","1.电梯坑、井墙模板 支模高度3.6m内",null,"m2",55.384,53.18,null,2945.32]
["本页小计",{"$nulls":8},65475.07]
["注：为计取规费等的使用，可在表中增设其中：“定额人工费”。"]
[{"$nulls":8},"表—08"]
["分部分项工程和单价措施项目清单与计价表"]
["工程名称：南村镇政府大院内加装电梯工程（土建部分）",{"$nulls":3},"标段：",{"$nulls":3},"第 8 页  共 8 页"]
["序号","项目编码","项目名称","项目特征描述",null,"计量单位","工程量","金额（元）"]
[{"$nulls":7},"综合单价",null,"综合合价","其中"]
[{"$nulls":10},"暂估价"]
[77,"011702006002","矩形梁","1.单梁、连续梁模板(梁宽cm) 25以内 支模高度3.6m",null,"m2",52.8755,67.28,null,3557.46]
[78,"011702011002","直形墙","1.直形墙模板 墙厚(cm以内) 40 支模高度3.6m内",null,"m2",278.6355,46.21,null,12875.75]
[79,"011702014002","有梁板","1.有梁板模板 支模高度3.6m",null,"m2",18.163,63.03,null,1144.81]
[80,"011702023001","雨篷、悬挑板、阳台板","1.阳台、雨蓬模板 直形",null,"m2",1.2,74.25,null,89.1]
[81,"011702001005","基础","1.独立基础模板",null,"m2",0.48,50.25,null,24.12]
[82,"011702001001","基础垫层模板","1.基础垫层模板",null,"m2",1.592,29.79,null,47.43]
[83,"011702001002","桩承台模板","1.桩承台模板",null,"m2",12.096,49.12,null,594.16]
[84,"011702005001","基础梁模板","1.基础梁模板",null,"m2",4.048,58.17,null,235.47]
[85,"011702013001","短肢剪力墙、电梯井壁","1.电梯坑、井墙模板 支模高度3.6m内",null,"m2",29.492,53.18,null,1568.38]
[86,"011702006001","矩形梁","1.单梁、连续梁模板(梁宽cm) 25以内 支模高度3.6m",null,"m2",28.748,67.28,null,1934.17]
[87,"011702011001","直形墙","1.直形墙模板 墙厚(cm以内) 40 支模高度3.6m内",null,"m2",143.368,46.21,null,6625.04]
[88,"011702014001","有梁板","1.有梁板模板 支模高度3.6m",null,"m2",11.616,63.03,null,732.16]
{"$rows_empty":9}
["本页小计",{"$nulls":8},29428.05]
["合   计",{"$nulls":8},419629.53]
["注：为计取规费等的使用，可在表中增设其中：“定额人工费”。"]
[{"$nulls":8},"表—08"]

{"sheet":"1.1.1综合单价计算表","index":2,"n_rows":251,"n_cols":14,"rows_kept":251,"merged":[[0,0,0,14],[1,0,1,9],[1,10,1,14],[2,0,3,0],[2,1,3,1],[2,2,3,3],[2,4,3,4],[2,5,3,5],[2,6,2,12],[2,13,3,13],[3,9,3,10],[4,2,4,3],[4,9,4,10],[5,0,7,0],[5,2,5,3],[5,9,5,10],[5,13,5,13],[6,2,6,3],[6,9,6,10],[6,13,7,13],[7,2,7,3],[7,9,7,10],[8,0,10,0],[8,2,8,3],[8,9,8,10],[8,13,8,13],[9,2,9,3],[9,9,9,10],[9,13,10,13],[10,2,10,3],[10,9,10,10],[11,0,13,0],[11,2,11,3],[11,9,11,10],[11,13,11,13],[12,2,12,3],[12,9,12,10],[12,13,13,13],[13,2,13,3],[13,9,13,10],[14,0,16,0],[14,2,14,3],[14,9,14,10],[14,13,14,13],[15,2,15,3],[15,9,15,10],[15,13,16,13],[16,2,16,3],[16,9,16,10],[17,0,18,0],[17,2,17,3],[17,9,17,10],[17,13,17,13],[18,2,18,3],[18,9,18,10],[18,13,18,13],[19,0,20,0],[19,2,19,3],[19,9,19,10],[19,13,19,13],[20,2,20,3],[20,9,20,10],[20,13,20,13],[21,0,21,14],[22,0,22,9],[22,10,22,14],[23,0,24,0],[23,1,24,1],[23,2,24,3],[23,4,24,4],[23,5,24,5],[23,6,23,12],[23,13,24,13],[24,9,24,10],[25,0,25,0],[25,2,25,3],[25,9,25,10],[25,13,25,13],[26,0,29,0],[26,2,26,3],[26,9,26,10],[26,13,26,13],[27,2,27,3],[27,9,27,10],[27,13,29,13],[28,2,28,3],[28,9,28,10],[29,2,29,3],[29,9,29,10],[30,0,31,0],[30,2,30,3],[30,9,30,10],[30,13,30,13],[31,2,31,3],[31,9,31,10],[31,13,31,13],[32,0,33,0],[32,2,32,3],[32,9,32,10],[32,13,32,13],[33,2,33,3],[33,9,33,10],[33,13,33,13],[34,0,35,0],[34,2,34,3],[34,9,34,10],[34,13,34,13],[35,2,35,3],[35,9,35,10],[35,13,35,13],[36,0,37,0],[36,2,36,3],[36,9,36,10],[36,13,36,13],[37,2,37,3],[37,9,37,10],[37,13,37,13],[38,0,39,0],[38,2,38,3],[38,9,38,10],[38,13,38,13],[39,2,39,3],[39,9,39,10],[39,13,39,13],[40,0,40,14],[41,0,41,9],[41,10,41,14],[42,0,43,0],[42,1,43,1],[42,2,43,3],[42,4,43,4],[42,5,43,5],[42,6,42,12],[42,13,43,13],[43,9,43,10],[44,0,45,0],[44,2,44,3],[44,9,44,10],[44,13,44,13],[45,2,45,3],[45,9,45,10],[45,13,45,13],[46,0,47,0],[46,2,46,3],[46,9,46,10],[46,13,46,13],[47,2,47,3],[47,9,47,10],[47,13,47,13],[48,0,49,0],[48,2,48,3],[48,9,48,10],[48,13,48,13],[49,2,49,3],[49,9,49,10],[49,13,49,13],[50,0,51,0],[50,2,50,3],[50,9,50,10],[50,13,50,13],[51,2,51,3],[51,9,51,10],[51,13,51,13],[52,0,53,0],[52,2,52,3],[52,9,52,10],[52,13,52,13],[53,2,53,3],[53,9,53,10],[53,13,53,13],[54,0,55,0],[54,2,54,3],[54,9,54,10],[54,13,54,13],[55,2,55,3],[55,9,55,10],[55,13,55,13],[56,0,57,0],[56,2,56,3],[56,9,56,10],[56,13,56,13],[57,2,57,3],[57,9,57,10],[57,13,57,13],[58,0,58,14],[59,0,59,9],[59,10,59,14],[60,0,61,0],[60,1,61,1],[60,2,61,3],[60,4,61,4],[60,5,61,5],[60,6,60,12],[60,13,61,13],[61,9,61,10],[62,0,63,0],[62,2,62,3],[62,9,62,10],[62,13,62,13],[63,2,63,3],[63,9,63,10],[63,13,63,13],[64,0,65,0],[64,2,64,3],[64,9,64,10],[64,13,64,13],[65,2,65,3],[65,9,65,10],[65,13,65,13],[66,0,68,0],[66,2,66,3],[66,9,66,10],[66,13,66,13],[67,2,67,3],[67,9,67,10],[67,13,68,13],[68,2,68,3],[68,9,68,10],[69,0,71,0],[69,2,69,3],[69,9,69,10],[69,13,69,13],[70,2,70,3],[70,9,70,10],[70,13,71,13],[71,2,71,3],[71,9,71,10],[72,0,77,0],[72,2,72,3],[72,9,72,10],[72,13,72,13],[73,2,73,3],[73,9,73,10],[73,13,77,13],[74,2,74,3],[74,9,74,10],[75,2,75,3],[75,9,75,10],[76,2,76,3],[76,9,76,10],[77,2,77,3],[77,9,77,10],[78,0,78,14],[79,0,79,9],[79,10,79,14],[80,0,81,0],[80,1,81,1],[80,2,81,3],[80,4,81,4],[80,5,81,5],[80,6,80,12],[80,13,81,13],[81,9,81,10],[82,0,87,0],[82,2,82,3],[82,9,82,10],[82,13,82,13],[83,2,83,3],[83,9,83,10],[83,13,87,13],[84,2,84,3],[84,9,84,10],[85,2,85,3],[85,9,85,10],[86,2,86,3],[86,9,86,10],[87,2,87,3],[87,9,87,10],[88,0,90,0],[88,2,88,3],[88,9,88,10],[88,13,88,13],[89,2,89,3],[89,9,89,10],[89,13,90,13],[90,2,90,3],[90,9,90,10],[91,0,93,0],[91,2,91,3],[91,9,91,10],[91,13,91,13],[92,2,92,3],[92,9,92,10],[92,13,93,13],[93,2,93,3],[93,9,93,10],[94,0,95,0],[94,2,94,3],[94,9,94,10],[94,13,94,13],[95,2,95,3],[95,9,95,10],[95,13,95,13],[96,0,96,14],[97,0,97,9],[97,10,97,14],[98,0,99,0],[98,1,99,1],[98,2,99,3],[98,4,99,4],[98,5,99,5],[98,6,98,12],[98,13,99,13],[99,9,99,10],[100,0,100,0],[100,2,100,3],[100,9,100,10],[100,13,101,13],[101,0,104,0],[101,2,101,3],[101,9,101,10],[102,2,102,3],[102,9,102,10],[102,13,102,13],[103,2,103,3],[103,9,103,10],[103,13,104,13],[104,2,104,3],[104,9,104,10],[105,0,106,0],[105,2,105,3],[105,9,105,10],[105,13,105,13],[106,2,106,3],[106,9,106,10],[106,13,106,13],[107,0,108,0],[107,2,107,3],[107,9,107,10],[107,13,107,13],[108,2,108,3],[108,9,108,10],[108,13,108,13],[109,2,109,3],[109,9,109,10],[110,0,112,0],[110,2,110,3],[110,9,110,10],[110,13,110,13],[111,2,111,3],[111,9,111,10],[111,13,112,13],[112,2,112,3],[112,9,112,10],[113,0,113,0],[113,2,113,3],[113,9,113,10],[113,13,113,13],[114,0,114,14],[115,0,115,9],[115,10,115,14],[116,0,117,0],[116,1,117,1],[116,2,117,3],[116,4,117,4],[116,5,117,5],[116,6,116,12],[116,13,117,13],[117,9,117,10],[118,0,118,0],[118,2,118,3],[118,9,118,10],[118,13,119,13],[119,0,122,0],[119,2,119,3],[119,9,119,10],[120,2,120,3],[120,9,120,10],[120,13,120,13],[121,2,121,3],[121,9,121,10],[121,13,122,13],[122,2,122,3],[122,9,122,10],[123,0,125,0],[123,2,123,3],[123,9,123,10],[123,13,123,13],[124,2,124,3],[124,9,124,10],[124,13,125,13],[125,2,125,3],[125,9,125,10],[126,0,127,0],[126,2,126,3],[126,9,126,10],[126,13,126,13],[127,2,127,3],[127,9,127,10],[127,13,127,13],[128,0,130,0],[128,2,128,3],[128,9,128,10],[128,13,128,13],[129,2,129,3],[129,9,129,10],[129,13,130,13],[130,2,130,3],[130,9,130,10],[131,0,133,0],[131,2,131,3],[131,9,131,10],[131,13,131,13],[132,2,132,3],[132,9,132,10],[132,13,133,13],[133,2,133,3],[133,9,133,10],[134,0,134,14],[135,0,135,9],[135,10,135,14],[136,0,137,0],[136,1,137,1],[136,2,137,3],[136,4,137,4],[136,5,137,5],[136,6,136,12],[136,13,137,13],[137,9,137,10],[138,0,138,0],[138,2,138,3],[138,9,138,10],[138,13,138,13],[139,0,140,0],[139,2,139,3],[139,9,139,10],[139,13,139,13],[140,2,140,3],[140,9,140,10],[140,13,140,13],[141,0,142,0],[141,2,141,3],[141,9,141,10],[141,13,141,13],[142,2,142,3],[142,9,142,10],[142,13,142,13],[143,0,144,0],[143,2,143,3],[143,9,143,10],[143,13,143,13],[144,2,144,3],[144,9,144,10],[144,13,144,13],[145,0,146,0],[145,2,145,3],[145,9,145,10],[145,13,145,13],[146,2,146,3],[146,9,146,10],[146,13,146,13],[147,0,148,0],[147,2,147,3],[147,9,147,10],[147,13,147,13],[148,2,148,3],[148,9,148,10],[148,13,148,13],[149,0,150,0],[149,2,149,3],[149,9,149,10],[149,13,149,13],[150,2,150,3],[150,9,150,10],[150,13,150,13],[151,0,151,0],[151,2,151,3],[151,9,151,10],[151,13,151,13],[152,0,152,14],[153,0,153,9],[153,10,153,14],[154,0,155,0],[154,1,155,1],[154,2,155,3],[154,4,155,4],[154,5,155,5],[154,6,154,12],[154,13,155,13],[155,9,155,10],[156,0,156,0],[156,2,156,3],[156,9,156,10],[156,13,156,13],[157,0,158,0],[157,2,157,3],[157,9,157,10],[157,13,157,13],[158,2,158,3],[158,9,158,10],[158,13,158,13],[159,0,160,0],[159,2,159,3],[159,9,159,10],[159,13,159,13],[160,2,160,3],[160,9,160,10],[160,13,160,13],[161,0,162,0],[161,2,161,3],[161,9,161,10],[161,13,161,13],[162,2,162,3],[162,9,162,10],[162,13,162,13],[163,0,164,0],[163,2,163,3],[163,9,163,10],[163,13,163,13],[164,2,164,3],[164,9,164,10],[164,13,164,13],[165,0,166,0],[165,2,165,3],[165,9,165,10],[165,13,165,13],[166,2,166,3],[166,9,166,10],[166,13,166,13],[167,0,168,0],[167,2,167,3],[167,9,167,10],[167,13,167,13],[168,2,168,3],[168,9,168,10],[168,13,168,13],[169,0,169,0],[169,2,169,3],[169,9,169,10],[169,13,169,13],[170,0,170,14],[171,0,171,9],[171,10,171,14],[172,0,173,0],[172,1,173,1],[172,2,173,3],[172,4,173,4],[172,5,173,5],[172,6,172,12],[172,13,173,13],[173,9,173,10],[174,0,174,0],[174,2,174,3],[174,9,174,10],[174,13,174,13],[175,0,176,0],[175,2,175,3],[175,9,175,10],[175,13,175,13],[176,2,176,3],[176,9,176,10],[176,13,176,13],[177,0,178,0],[177,2,177,3],[177,9,177,10],[177,13,177,13],[178,2,178,3],[178,9,178,10],[178,13,178,13],[179,0,180,0],[179,2,179,3],[179,9,179,10],[179,13,179,13],[180,2,180,3],[180,9,180,10],[180,13,180,13],[181,0,182,0],[181,2,181,3],[181,9,181,10],[181,13,181,13],[182,2,182,3],[182,9,182,10],[182,13,182,13],[183,0,185,0],[183,2,183,3],[183,9,183,10],[183,13,183,13],[184,2,184,3],[184,9,184,10],[184,13,185,13],[185,2,185,3],[185,9,185,10],[186,0,188,0],[186,2,186,3],[186,9,186,10],[186,13,186,13],[187,2,187,3],[187,9,187,10],[187,13,188,13],[188,2,188,3],[188,9,188,10],[189,0,191,0],[189,2,189,3],[189,9,189,10],[189,13,189,13],[190,2,190,3],[190,9,190,10],[190,13,191,13],[191,2,191,3],[191,9,191,10],[192,0,192,14],[193,0,193,9],[193,10,193,14],[194,0,195,0],[194,1,195,1],[194,2,195,3],[194,4,195,4],[194,5,195,5],[194,6,194,12],[194,13,195,13],[195,9,195,10],[196,0,198,0],[196,2,196,3],[196,9,196,10],[196,13,196,13],[197,2,197,3],[197,9,197,10],[197,13,198,13],[198,2,198,3],[198,9,198,10],[199,0,204,0],[199,2,199,3],[199,9,199,10],[199,13,199,13],[200,2,200,3],[200,9,200,10],[200,13,204,13],[201,2,201,3],[201,9,201,10],[202,2,202,3],[202,9,202,10],[203,2,203,3],[203,9,203,10],[204,2,204,3],[204,9,204,10],[205,0,207,0],[205,2,205,3],[205,9,205,10],[205,13,205,13],[206,2,206,3],[206,9,206,10],[206,13,207,13],[207,2,207,3],[207,9,207,10],[208,0,208,14],[209,0,209,9],[209,10,209,14],[210,0,211,0],[210,1,211,1],[210,2,211,3],[210,4,211,4],[210,5,211,5],[210,6,210,12],[210,13,211,13],[211,9,211,10],[212,0,213,0],[212,2,212,3],[212,9,212,10],[212,13,212,13],[213,2,213,3],[213,9,213,10],[213,13,213,13],[214,0,216,0],[214,2,214,3],[214,9,214,10],[214,13,214,13],[215,2,215,3],[215,9,215,10],[215,13,216,13],[216,2,216,3],[216,9,216,10],[217,0,220,0],[217,2,217,3],[217,9,217,10],[217,13,217,13],[218,2,218,3],[218,9,218,10],[218,13,220,13],[219,2,219,3],[219,9,219,10],[220,2,220,3],[220,9,220,10],[221,0,223,0],[221,2,221,3],[221,9,221,10],[221,13,221,13],[222,2,222,3],[222,9,222,10],[222,13,223,13],[223,2,223,3],[223,9,223,10],[224,0,225,0],[224,2,224,3],[224,9,224,10],[224,13,224,13],[225,2,225,3],[225,9,225,10],[225,13,225,13],[226,0,226,0],[226,2,226,3],[226,9,226,10],[226,13,226,13],[227,0,227,14],[228,0,228,9],[228,10,228,14],[229,0,230,0],[229,1,230,1],[229,2,230,3],[229,4,230,4],[229,5,230,5],[229,6,229,12],[229,13,230,13],[230,9,230,10],[231,0,231,0],[231,2,231,3],[231,9,231,10],[231,13,231,13],[232,0,232,0],[232,2,232,3],[232,9,232,10],[232,13,232,13],[233,0,233,0],[233,2,233,3],[233,9,233,10],[233,13,233,13],[234,0,234,0],[234,2,234,3],[234,9,234,10],[234,13,234,13],[235,0,235,0],[235,2,235,3],[235,9,235,10],[235,13,235,13],[236,0,236,0],[236,2,236,3],[236,9,236,10],[236,13,236,13],[237,0,237,0],[237,2,237,3],[237,9,237,10],[237,13,237,13],[238,0,238,0],[238,2,238,3],[238,9,238,10],[238,13,238,13],[239,0,239,0],[239,2,239,3],[239,9,239,10],[239,13,239,13],[240,0,240,0],[240,2,240,3],[240,9,240,10],[240,13,240,13],[241,0,241,0],[241,2,241,3],[241,9,241,10],[241,13,241,13],[242,0,242,0],[242,2,242,3],[242,9,242,10],[242,13,242,13],[243,0,243,0],[243,2,243,3],[243,9,243,10],[243,13,243,13],[244,0,244,0],[244,2,244,3],[244,9,244,10],[244,13,244,13],[245,0,245,0],[245,2,245,3],[245,9,245,10],[245,13,245,13],[246,0,246,0],[246,2,246,3],[246,9,246,10],[246,13,246,13],[247,0,247,0],[247,2,247,3],[247,9,247,10],[247,13,247,13],[248,0,248,0],[248,2,248,3],[248,9,248,10],[248,13,248,13],[249,0,249,0],[249,2,249,3],[249,9,249,10],[249,13,249,13],[250,2,250,3],[250,9,250,10]]}
["综合单价计算表"]
["工程名称：南村镇政府大院内加装电梯工程（土建部分）",{"$nulls":9},"第 1 页 共 13 页"]
["序号","编码","名称",null,"单位","工程量 ","其中：（元）",{"$nulls":6},"综合单价\n（元）"]
[{"$nulls":6},"人工费","材料费","机具费","管理费",null,"利润","小计"]
[null,null,"餐厅"]
[1,"011601001001","砖砌体拆除",null,"m3","4.3827",91.05,null,68.67,22.47,null,31.94,214.14]
[null,"A1-19-4","墙体拆除 砖砌墙体 实心砖墙",null,"100m3",0.043827,76.22,null,null,10.72,null,15.24,102.19,214.14]
[null,"A1-19-69 换","拆除废料外运 人工装自卸汽车运 3km内 \u007f实际运距(km):15",null,"10m3",0.43827,14.83,null,68.67,11.75,null,16.7,111.95]
[2,"011610002001","金属门窗拆除",null,"m2","31.5615",7.59,null,16.48,3.39,null,4.82,32.28]
[null,"A1-19-53","门窗拆除(整樘) 金属",null,"10樘",0.3,4.04,null,null,0.57,null,0.81,5.41,32.28]
[null,"A1-19-69 换","拆除废料外运 人工装自卸汽车运 3km内 \u007f实际运距(km):15",null,"10m3",0.757476,3.56,null,16.48,2.82,null,4.01,26.87]
[3,"011602001001","混凝土构件拆除",null,"m3","2.86",303.77,null,219.65,73.65,null,104.68,701.75]
[null,"A1-19-8","风动凿岩机拆除现浇混凝土 钢筋混凝土基础",null,"10m3",0.286,288.95,null,150.98,61.9,null,87.99,589.81,701.75]
[null,"A1-19-69 换","拆除废料外运 人工装自卸汽车运 3km内 \u007f实际运距(km):15",null,"10m3",0.286,14.83,null,68.67,11.75,null,16.7,111.94]
[4,"010101003001","挖沟槽土方",null,"m3","39.3498",7.16,null,8.83,2.48,null,3.2,21.67]
[null,"A1-1-19","人工挖沟槽土方 一、二类土 深度在4m内",null,"100m3",0.059936,5.63,null,null,0.87,null,1.13,7.62,21.67]
[null,"A1-1-41","挖掘机挖沟槽、基坑土方 一、二类土",null,"1000m3",0.093905,1.53,null,8.83,1.61,null,2.07,14.04]
[5,"010103001001","回填方",null,"m3","22.654",12.32,null,2.09,2.23,null,2.88,19.53]
[null,"A1-1-129","回填土 夯实机夯实 槽、坑",null,"100m3",0.22654,12.32,null,2.09,2.23,null,2.88,19.53,19.53]
[6,"010103002001","余方弃置",null,"m3","16.6958",0.39,null,31.98,5.02,null,6.47,43.87]
[null,"A1-1-51","挖掘机装土方",null,"1000m3",0.016696,0.39,null,1.82,0.34,null,0.44,2.99,43.87]
["综合单价计算表"]
["工程名称：南村镇政府大院内加装电梯工程（土建部分）",{"$nulls":9},"第 2 页 共 13 页"]
["序号","编码","名称",null,"单位","工程量 ","其中：（元）",{"$nulls":6},"综合单价\n（元）"]
[{"$nulls":6},"人工费","材料费","机具费","管理费",null,"利润","小计"]
[null,"A1-1-53 换","自卸汽车运土方 运距1km内 \u007f实际运距(km):15",null,"1000m3",0.016696,null,null,30.16,4.68,null,6.03,40.87]
[7,"010302001001","泥浆护壁成孔灌注桩",null,"m3","23.16",217.39,824.57,352.91,99.12,null,114.06,1608.04]
[null,"A1-3-81","钻孔桩成孔 设计桩径(mm) 800内",null,"10m3",2.316,124.08,43.28,242.92,63.78,null,73.4,547.46,1608.04]
[null,"A1-3-119 换","泥浆罐车泥浆运输 运距1km内 \u007f实际运距(km):15",null,"10m3",2.316,30,null,109.99,24.33,null,28,192.32]
[null,"A1-3-121 换","灌注混凝土 钻孔(旋挖)桩 \u007f合并制作子目 预拌水下混凝土 碎石粒径综合考虑 C30",null,"10m3",2.316,63.32,781.28,null,11,null,12.66,868.26]
[8,"粤010302008001","入岩增加费",null,"m3","3.3912",248.15,null,645.24,155.27,null,178.68,1227.35]
[null,"A1-3-104","钻孔桩入岩增加费 设计桩径(mm) 800内",null,"10m3",0.33912,248.15,null,645.24,155.27,null,178.68,1227.35,1227.35]
[9,"010515004001","钢筋笼",null,"t","1.584",471.05,4418.43,409.28,253.09,null,176.07,5727.92]
[null,"A1-5-82","桩钢筋笼制作安装",null,"t",1.584,471.05,4418.43,409.28,253.09,null,176.07,5727.92,5727.92]
[10,"010401003001","实心砖墙",null,"m3","2.9754",221.11,341.7,null,33.48,null,44.22,640.51]
[null,"A1-4-3 换","混水砖外墙 墙体厚度 1/2砖 \u007f合并制作子目 湿拌砌筑砂浆 砌筑灰缝≥5mm M5",null,"10m3",0.29754,221.11,341.7,null,33.47,null,44.22,640.51,640.51]
[11,"010501001001","垫层",null,"m3","1.4699",57.83,582.38,null,16.63,null,11.57,668.41]
[null,"A1-5-78 换","混凝土垫层 \u007f合并制作子目 普通预拌混凝土 碎石粒径综合考虑 C15",null,"10m3",0.14699,57.83,582.38,null,16.63,null,11.57,668.41,668.41]
[12,"010501005002","桩承台基础",null,"m3","11.4227",45.69,644.42,0.81,13.37,null,9.3,713.59]
[null,"A1-5-2 换","现浇建筑物混凝土 其他混凝土基础 \u007f合并制作子目 普通预拌混凝土 碎石粒径综合考虑 C30",null,"10m3",1.14227,45.69,644.42,0.81,13.37,null,9.3,713.59,713.59]
["综合单价计算表"]
["工程名称：南村镇政府大院内加装电梯工程（土建部分）",{"$nulls":9},"第 3 页 共 13 页"]
["序号","编码","名称",null,"单位","工程量 ","其中：（元）",{"$nulls":6},"综合单价\n（元）"]
[{"$nulls":6},"人工费","材料费","机具费","管理费",null,"利润","小计"]
[13,"010501005001","桩承台基础--电梯坑",null,"m3","3.5942",66.94,667.22,0.81,19.48,null,13.55,768]
[null,"A1-5-4 换","现浇建筑物混凝土 电梯坑 \u007f合并制作子目 预拌水下混凝土 碎石粒径综合考虑 C30",null,"10m3",0.35942,66.94,667.22,0.81,19.48,null,13.55,768,768]
[14,"010503001001","基础梁",null,"m3","0.6",36.43,655.43,1.32,10.85,null,7.55,711.58]
[null,"A1-5-8 换","现浇建筑物混凝土 基础梁 \u007f合并制作子目 普通预拌混凝土 碎石粒径综合考虑 C30",null,"10m3",0.06,36.43,655.43,1.32,10.85,null,7.55,711.58,711.58]
[15,"010503002001","矩形梁",null,"m3","3.1176",48.73,653.1,1.31,14.39,null,10.01,727.53]
[null,"A1-5-9 换","现浇建筑物混凝土 单梁、连续梁、异形梁 \u007f合并制作子目 普通预拌混凝土 碎石粒径综合考虑 C30",null,"10m3",0.31176,48.73,653.1,1.31,14.39,null,10.01,727.53,727.53]
[16,"010504001001","直形墙",null,"m3","23.817",67.4,652.92,1.28,19.75,null,13.74,755.08]
[null,"A1-5-12 换","现浇建筑物混凝土 直形、弧形、电梯井墙 \u007f合并制作子目 普通预拌混凝土 碎石粒径综合考虑 C30",null,"10m3",2.3817,67.4,652.92,1.28,19.75,null,13.74,755.07,755.08]
[17,"010505001001","有梁板",null,"m3","1.4502",46.6,658.44,1.46,13.82,null,9.61,729.94]
[null,"A1-5-14 换","现浇建筑物混凝土 平板、有梁板、无梁板 \u007f合并制作子目 普通预拌混凝土 碎石粒径综合考虑 C30",null,"10m3",0.14502,46.6,658.44,1.46,13.82,null,9.61,729.94,729.94]
[18,"010507002001","室外地坪",null,"m2","2.552",9.51,51.47,0.14,2.78,null,1.93,65.84]
[null,"A1-5-80 换","地坪 厚度8cm \u007f合并制作子目 普通预拌混凝土 碎石粒径综合考虑 C30",null,"100m2",0.02552,9.51,51.47,0.14,2.78,null,1.93,65.83,65.84]
[19,"010515001001","现浇构件钢筋",null,"t","1.154",1451.69,4373.77,59.98,434.61,null,302.33,6622.38]
[null,"A1-5-113","现浇构件箍筋 带肋钢筋(HRB400内) φ10以内",null,"t",1.154,1451.69,4373.77,59.98,434.61,null,302.33,6622.38,6622.38]
["综合单价计算表"]
["工程名称：南村镇政府大院内加装电梯工程（土建部分）",{"$nulls":9},"第 4 页 共 13 页"]
["序号","编码","名称",null,"单位","工程量 ","其中：（元）",{"$nulls":6},"综合单价\n（元）"]
[{"$nulls":6},"人工费","材料费","机具费","管理费",null,"利润","小计"]
[20,"010515001002","现浇构件钢筋",null,"t","0.922",688.19,4356.74,67.26,217.19,null,151.09,5480.47]
[null,"A1-5-108","现浇构件带肋钢筋(Ⅲ级以上) φ10以内",null,"t",0.922,688.19,4356.74,67.26,217.19,null,151.08,5480.47,5480.47]
[21,"010515001003","现浇构件钢筋",null,"t","2.131",500.16,4364.09,56.31,159.99,null,111.29,5191.84]
[null,"A1-5-109","现浇构件带肋钢筋(Ⅲ级以上) φ25以内",null,"t",2.131,500.16,4364.09,56.31,159.99,null,111.29,5191.84,5191.84]
[22,"010807001001","金属(塑钢、断桥)窗",null,"m2","11.06",21.7,405.03,null,3.18,null,4.34,434.24]
[null,"A1-9-207 换","推拉窗安装 \u007f换为【钢化玻璃8】",null,"100m2",0.1106,21.7,16.45,null,3.18,null,4.34,45.66,434.24]
[null,"MC1-133","推拉窗60系列通体色 门窗面积≥3.25m2",null,"m2",11.06,null,388.58,{"$nulls":4},388.58]
[23,"010807001002","金属(塑钢、断桥)窗",null,"m2","9",21.7,503.18,null,3.18,null,4.34,532.39]
[null,"A1-9-207 换","推拉窗安装 \u007f换为【钢化玻璃8】",null,"100m2",0.09,21.7,16.45,null,3.18,null,4.34,45.66,532.39]
[null,"MC1-127","推拉窗60系列通体色 1.25m2≤门窗面积＜2.25m2",null,"m2",9,null,486.73,{"$nulls":4},486.73]
[24,"010902003001","屋面刚性层",null,"m2","10.91",43.19,132.2,0.51,6.83,null,8.74,191.46]
[null,"A1-11-126 换","屋面现浇陶粒混凝土隔热层 #25 100mm厚 \u007f实际厚度(mm):30",null,"100m2",0.1091,7.25,13.35,null,1.05,null,1.45,23.1,191.46]
[null,"A1-12-1 换","楼地面水泥砂浆找平层 混凝土或硬基层上 20mm \u007f合并制作子目 湿拌地面砂浆 地面普通找平 M15",null,"100m2",0.1091,7.04,13.4,null,1.25,null,1.41,23.1]
[null,"A1-10-125","高分子卷材 1.2mm厚 冷贴 平面",null,"100m2",0.1091,10.49,60.54,null,1.52,null,2.1,74.64]
[null,"A1-12-2 换","楼地面水泥砂浆找平层 填充层上 20mm \u007f合并制作子目 普通干混防水砂浆 DW M15",null,"100m2",0.1091,7.97,13.83,0.51,1.5,null,1.7,25.51]
[null,"A1-11-121","干铺聚苯乙烯泡沫板屋面保温50mm",null,"100m2",0.1091,10.44,31.07,null,1.51,null,2.09,45.11]
["综合单价计算表"]
["工程名称：南村镇政府大院内加装电梯工程（土建部分）",{"$nulls":9},"第 5 页 共 13 页"]
["序号","编码","名称",null,"单位","工程量 ","其中：（元）",{"$nulls":6},"综合单价\n（元）"]
[{"$nulls":6},"人工费","材料费","机具费","管理费",null,"利润","小计"]
[25,"011102003001","块料楼地面",null,"m2","12.3",30.99,64.21,null,5.49,null,6.2,106.89]
[null,"A1-12-1","楼地面水泥砂浆找平层 混凝土或硬基层上 20mm",null,"100m2",0.123,7.04,0.43,null,1.25,null,1.41,10.13,106.89]
[null,"8005911","湿拌地面砂浆 地面普通找平 M20",null,"m3",0.2485,null,13.27,{"$nulls":4},13.27]
[null,"A1-12-72 换","楼地面陶瓷地砖(每块周长mm) 1300以内 水泥砂浆 \u007f实际结合层厚度(mm):3",null,"100m2",0.123,23.95,50.63,null,4.25,null,4.79,83.62]
[null,"8005915","湿拌防水砂浆：P6 用于抗渗压力要求的工程部位 M20",null,"m3",0.2485,null,13.7,{"$nulls":4},13.7]
[null,"8005915","湿拌防水砂浆：P6 用于抗渗压力要求的工程部位 M20",null,"m3",-0.2509,null,-13.83,{"$nulls":4},-13.83]
[26,"011105002001","石材踢脚线",null,"m2","0.449",46.95,257.84,null,8.32,null,9.39,322.48]
[null,"A1-12-59","铺贴花岗岩 踢脚线 水泥砂浆",null,"100m2",0.00449,46.95,249.76,null,8.33,null,9.4,314.39,322.48]
[null,"8005912","湿拌地面砂浆 地面普通找平 M25",null,"m3",0.0054,null,8.08,{"$nulls":4},8.08]
[27,"011201001001","墙面一般抹灰--内墙面",null,"m2","59.633",20.69,29.2,null,3.12,null,4.14,57.14]
[null,"A1-15-192","室内涂料三遍 内墙防霉涂料",null,"100m2",0.59633,10.95,12.63,null,1.65,null,2.19,27.42,57.14]
[null,"A1-15-154 换","成品腻子膏(一般型)Y型 墙面 满刮一遍 \u007f实际腻子遍数(遍):3",null,"100m2",0.59633,9.73,16.57,null,1.47,null,1.95,29.72]
[28,"011201001002","墙面一般抹灰--外墙面",null,"m2","116.624",68.41,84.33,0.27,10.53,null,13.74,177.28]
[null,"A1-13-23 换","墙面 聚合物水泥砂浆 20mm \u007f实际聚合物水泥砂浆厚度(mm):7",null,"100m2",1.16624,14.38,12.22,0.27,2.27,null,2.93,32.08,177.28]
["综合单价计算表"]
["工程名称：南村镇政府大院内加装电梯工程（土建部分）",{"$nulls":9},"第 6 页 共 13 页"]
["序号","编码","名称",null,"单位","工程量 ","其中：（元）",{"$nulls":6},"综合单价\n（元）"]
[{"$nulls":6},"人工费","材料费","机具费","管理费",null,"利润","小计"]
[null,"A1-13-13 *1.15","各种墙面15+5mm 水泥石灰砂浆底 水泥石灰砂浆面 外墙 \u007f30米内 单价*1.15 \u007f合并制作子目 湿拌抹灰砂浆 一次抹灰厚度≥5mm M20 \u007f合并制作子目 湿拌抹灰砂浆 一次抹灰厚度≥5mm M10",null,"100m2",1.16624,27.78,15.48,null,4.31,null,5.56,53.12]
[null,"A1-15-143","真石漆 墙面",null,"100m2",1.16624,26.25,56.63,null,3.96,null,5.25,92.09]
[null,"011301001001","天棚抹灰",null,"m2","11.61",25.86,30.63,null,3.9,null,5.17,65.55]
[null,"A1-15-155 换","成品腻子膏(一般型)Y型 天棚面 满刮一遍 \u007f实际腻子遍数(遍):3",null,"100m2",0.1161,12.18,17.4,null,1.84,null,2.44,33.84,65.55]
[null,"A1-15-193","室内涂料三遍 天棚防霉涂料",null,"100m2",0.1161,13.68,13.23,null,2.06,null,2.74,31.7]
[30,"040202015001","水泥稳定碎(砾)石",null,"m2","14.3",9.58,51.65,2.23,1.34,null,2.36,67.16]
[null,"借D2-2-1 换","路拌铺筑水泥石屑混合料 水泥含量 6% 厚度 15cm \u007f实际厚度(cm):18",null,"100m2",0.143,9.58,51.65,2.23,1.34,null,2.36,67.16,67.16]
[31,"040203007001","水泥混凝土--混凝土地面修复",null,"m2","14.3",31.37,127.08,0.32,3.6,null,6.34,168.71]
[null,"借D2-3-46 换","水泥混凝土路面 厚度 20cm \u007f合并制作子目 普通预拌混凝土 碎石粒径综合考虑 C25",null,"100m2",0.143,31.37,127.08,0.32,3.6,null,6.34,168.71,168.71]
[null,null,"宿舍"]
[32,"011601001002","砖砌体拆除",null,"m3","4.2894",91.05,null,68.67,22.47,null,31.94,214.14]
[null,"A1-19-4","墙体拆除 砖砌墙体 实心砖墙",null,"100m3",0.042894,76.22,null,null,10.72,null,15.24,102.19,214.14]
[null,"A1-19-69 换","拆除废料外运 人工装自卸汽车运 3km内 \u007f实际运距(km):15",null,"10m3",0.42894,14.82,null,68.67,11.75,null,16.7,111.95]
[33,"011610002002","金属门窗拆除",null,"m2","7.68",20.14,null,16.48,5.15,null,7.32,49.1]
["综合单价计算表"]
["工程名称：南村镇政府大院内加装电梯工程（土建部分）",{"$nulls":9},"第 7 页 共 13 页"]
["序号","编码","名称",null,"单位","工程量 ","其中：（元）",{"$nulls":6},"综合单价\n（元）"]
[{"$nulls":6},"人工费","材料费","机具费","管理费",null,"利润","小计"]
[null,"A1-19-53","门窗拆除(整樘) 金属",null,"10樘",0.3,16.58,null,null,2.33,null,3.32,22.24,49.1]
[null,"A1-19-69 换","拆除废料外运 人工装自卸汽车运 3km内 \u007f实际运距(km):15",null,"10m3",0.18432,3.56,null,16.48,2.82,null,4.01,26.87]
[null,"011602001003","混凝土构件拆除",null,"m3","3.96",303.77,null,219.65,73.65,null,104.68,701.75]
[null,"A1-19-8","风动凿岩机拆除现浇混凝土 钢筋混凝土基础",null,"10m3",0.396,288.95,null,150.98,61.9,null,87.98,589.81,701.75]
[null,"A1-19-69 换","拆除废料外运 人工装自卸汽车运 3km内 \u007f实际运距(km):15",null,"10m3",0.396,14.83,null,68.67,11.75,null,16.7,111.94]
[35,"010101003002","挖沟槽土方",null,"m3","60.6575",7.23,null,8.92,2.5,null,3.23,21.89]
[null,"A1-1-19","人工挖沟槽土方 一、二类土 深度在4m内",null,"100m3",0.093337,5.68,null,null,0.88,null,1.14,7.7,21.89]
[null,"A1-1-41","挖掘机挖沟槽、基坑土方 一、二类土",null,"1000m3",0.146227,1.55,null,8.92,1.62,null,2.09,14.19]
[36,"010103001002","回填方",null,"m3","51.1293",12.32,null,2.09,2.23,null,2.88,19.53]
[null,"A1-1-129","回填土 夯实机夯实 槽、坑",null,"100m3",0.511293,12.32,null,2.09,2.23,null,2.88,19.53,19.53]
[37,"010103002002","余方弃置",null,"m3","9.5282",0.39,null,31.98,5.02,null,6.47,43.86]
[null,"A1-1-51","挖掘机装土方",null,"1000m3",0.009528,0.39,null,1.82,0.34,null,0.44,2.99,43.86]
[null,"A1-1-53 换","自卸汽车运土方 运距1km内 \u007f实际运距(km):15",null,"1000m3",0.009528,null,null,30.16,4.68,null,6.03,40.87]
[38,"010302001002","泥浆护壁成孔灌注桩",null,"m3","23.16",217.39,824.57,352.91,99.12,null,114.06,1608.04]
[null,"A1-3-81","钻孔桩成孔 设计桩径(mm) 800内",null,"10m3",2.316,124.08,43.28,242.92,63.78,null,73.4,547.46,1608.04]
[null,"A1-3-119 换","泥浆罐车泥浆运输 运距1km内 \u007f实际运距(km):15",null,"10m3",2.316,30,null,109.99,24.33,null,28,192.32]
["综合单价计算表"]
["工程名称：南村镇政府大院内加装电梯工程（土建部分）",{"$nulls":9},"第 8 页 共 13 页"]
["序号","编码","名称",null,"单位","工程量 ","其中：（元）",{"$nulls":6},"综合单价\n（元）"]
[{"$nulls":6},"人工费","材料费","机具费","管理费",null,"利润","小计"]
[null,"A1-3-121 换","灌注混凝土 钻孔(旋挖)桩 \u007f合并制作子目 预拌水下混凝土 碎石粒径综合考虑 C30",null,"10m3",2.316,63.32,781.28,null,11,null,12.66,868.26]
[39,"粤010302008002","入岩增加费",null,"m3","3.3912",248.15,null,645.24,155.27,null,178.68,1227.35]
[null,"A1-3-104","钻孔桩入岩增加费 设计桩径(mm) 800内",null,"10m3",0.33912,248.15,null,645.24,155.27,null,178.68,1227.35,1227.35]
[40,"010515004002","钢筋笼",null,"t","1.584",471.05,4387.9,409.28,253.09,null,176.07,5697.39]
[null,"A1-5-82","桩钢筋笼制作安装",null,"t",1.584,471.05,4387.9,409.28,253.09,null,176.07,5697.39,5697.39]
[41,"010401003002","实心砖墙",null,"m3","6.039",221.11,341.7,null,33.48,null,44.22,640.51]
[null,"A1-4-3 换","混水砖外墙 墙体厚度 1/2砖 \u007f合并制作子目 湿拌砌筑砂浆 砌筑灰缝≥5mm M5",null,"10m3",0.6039,221.11,341.7,null,33.48,null,44.22,640.51,640.51]
[42,"010501001002","垫层",null,"m3","2.0532",57.84,582.38,null,16.63,null,11.57,668.41]
[null,"A1-5-78 换","混凝土垫层 \u007f合并制作子目 普通预拌混凝土 碎石粒径综合考虑 C15",null,"10m3",0.20532,57.84,582.38,null,16.63,null,11.57,668.42,668.41]
[43,"010501005003","桩承台基础",null,"m3","19.8414",45.69,644.42,0.81,13.37,null,9.3,713.59]
[null,"A1-5-2 换","现浇建筑物混凝土 其他混凝土基础 \u007f合并制作子目 普通预拌混凝土 碎石粒径综合考虑 C30",null,"10m3",1.98414,45.69,644.42,0.81,13.37,null,9.3,713.59,713.59]
[44,"010501005004","桩承台基础--电梯坑",null,"m3","5.1092",66.94,647.02,0.81,19.48,null,13.55,747.8]
[null,"A1-5-4 换","现浇建筑物混凝土 电梯坑 \u007f合并制作子目 普通预拌混凝土 碎石粒径综合考虑 C30",null,"10m3",0.51092,66.94,647.02,0.81,19.48,null,13.55,747.8,747.8]
[45,"010503001002","基础梁",null,"m3","0.205",36.44,655.41,1.32,10.85,null,7.55,711.58]
["综合单价计算表"]
["工程名称：南村镇政府大院内加装电梯工程（土建部分）",{"$nulls":9},"第 9 页 共 13 页"]
["序号","编码","名称",null,"单位","工程量 ","其中：（元）",{"$nulls":6},"综合单价\n（元）"]
[{"$nulls":6},"人工费","材料费","机具费","管理费",null,"利润","小计"]
[null,"A1-5-8 换","现浇建筑物混凝土 基础梁 \u007f合并制作子目 普通预拌混凝土 碎石粒径综合考虑 C30",null,"10m3",0.0205,36.44,655.41,1.32,10.83,null,7.56,711.56,711.58]
[46,"010503002002","矩形梁",null,"m3","5.366",48.73,653.09,1.31,14.39,null,10.01,727.53]
[null,"A1-5-9 换","现浇建筑物混凝土 单梁、连续梁、异形梁 \u007f合并制作子目 普通预拌混凝土 碎石粒径综合考虑 C30",null,"10m3",0.5366,48.73,653.09,1.31,14.39,null,10.01,727.53,727.53]
[47,"010504001002","直形墙",null,"m3","26.2807",67.4,652.91,1.28,19.75,null,13.74,755.08]
[null,"A1-5-12 换","现浇建筑物混凝土 直形、弧形、电梯井墙 \u007f合并制作子目 普通预拌混凝土 碎石粒径综合考虑 C30",null,"10m3",2.62807,67.4,652.91,1.28,19.74,null,13.74,755.08,755.08]
[48,"010505001002","有梁板",null,"m3","2.1972",46.6,658.44,1.47,13.82,null,9.61,729.94]
[null,"A1-5-14 换","现浇建筑物混凝土 平板、有梁板、无梁板 \u007f合并制作子目 普通预拌混凝土 碎石粒径综合考虑 C30",null,"10m3",0.21972,46.6,658.44,1.47,13.82,null,9.61,729.94,729.94]
[49,"010505008001","雨篷、悬挑板、阳台板",null,"m3","0.12",168.67,644.25,2.25,49.13,null,34.18,898.42]
[null,"A1-5-29 换","现浇混凝土其他构件 阳台、雨蓬 \u007f合并制作子目 普通预拌混凝土 碎石粒径综合考虑 C30",null,"10m3",0.012,168.67,644.25,2.25,49.17,null,34.17,898.42,898.42]
[50,"010507002002","室外地坪",null,"m2","1.435",9.51,51.47,0.15,2.78,null,1.93,65.84]
[null,"A1-5-80 换","地坪 厚度8cm \u007f合并制作子目 普通预拌混凝土 碎石粒径综合考虑 C30",null,"100m2",0.01435,9.51,51.47,0.15,2.77,null,1.93,65.83,65.84]
[51,"010515001004","现浇构件钢筋",null,"t","2.09",1451.69,4373.77,59.98,434.61,null,302.33,6622.38]
[null,"A1-5-113","现浇构件箍筋 带肋钢筋(HRB400内) φ10以内",null,"t",2.09,1451.69,4373.77,59.98,434.61,null,302.33,6622.38,6622.38]
[52,"010515001005","现浇构件钢筋",null,"t","1.779",688.19,4356.74,67.26,217.19,null,151.09,5480.47]
["综合单价计算表"]
["工程名称：南村镇政府大院内加装电梯工程（土建部分）",{"$nulls":9},"第 10 页 共 13 页"]
["序号","编码","名称",null,"单位","工程量 ","其中：（元）",{"$nulls":6},"综合单价\n（元）"]
[{"$nulls":6},"人工费","材料费","机具费","管理费",null,"利润","小计"]
[null,"A1-5-108","现浇构件带肋钢筋(Ⅲ级以上) φ10以内",null,"t",1.779,688.19,4356.74,67.26,217.19,null,151.09,5480.47,5480.47]
[53,"010515001006","现浇构件钢筋",null,"t","2.961",500.16,4364.09,56.31,159.99,null,111.29,5191.84]
[null,"A1-5-109","现浇构件带肋钢筋(Ⅲ级以上) φ25以内",null,"t",2.961,500.16,4364.09,56.31,159.99,null,111.29,5191.84,5191.84]
[54,"010501003001","独立基础",null,"m3","0.12",45.67,644.42,0.83,13.37,null,9.3,713.59]
[null,"A1-5-2 换","现浇建筑物混凝土 其他混凝土基础 \u007f合并制作子目 普通预拌混凝土 碎石粒径综合考虑 C30",null,"10m3",0.012,45.67,644.42,0.83,13.33,null,9.33,713.58,713.59]
[55,"010516002001","预埋铁件",null,"t","0.0428",2645.09,7084.35,284.58,842.26,null,585.92,11442.13]
[null,"A1-5-150","预埋铁件",null,"t",0.0428,2645.09,7084.35,284.58,842.29,null,585.98,11442.06,11442.13]
[56,"010606008001","钢梯",null,"t","0.3091",762.96,5820.7,302.98,308.49,null,213.19,7408.34]
[null,"A1-7-70","钢楼梯 踏步式",null,"t",0.3091,762.96,5820.71,302.98,308.48,null,213.2,7408.35,7408.34]
[57,"011503001001","金属扶手、栏杆、栏板",null,"m","3.8",42.59,149.18,2.97,6.41,null,9.11,210.26]
[null,"A1-16-108","不锈钢栏杆制安 直型",null,"100m",0.038,33.5,108.9,1.59,4.94,null,7.02,155.95,210.26]
[null,"A1-16-137","不锈钢扶手 φ60 直型",null,"100m",0.038,9.09,40.28,1.38,1.47,null,2.09,54.32]
[58,"010807001003","金属(塑钢、断桥)窗",null,"m2","14.4",21.7,405.03,null,3.18,null,4.34,434.24]
[null,"A1-9-207 换","推拉窗安装 \u007f换为【钢化玻璃5】",null,"100m2",0.144,21.7,16.45,null,3.18,null,4.34,45.66,434.24]
[null,"MC1-124","推拉窗60系列通体色 门窗面积＜1.25m2",null,"m2",14.4,null,388.58,{"$nulls":4},388.58]
[59,"010807001004","金属(塑钢、断桥)窗",null,"m2","0.4",21.7,563.25,null,3.18,null,4.34,592.46]
[null,"A1-9-212 换","平开窗安装 \u007f换为【钢化玻璃8】",null,"100m2",0.004,21.7,18.08,null,3.18,null,4.35,47.28,592.46]
[null,"MC1-125","平开窗60系列通体色 门窗面积＜1.25m2",null,"m2",0.4,null,545.18,{"$nulls":4},545.18]
["综合单价计算表"]
["工程名称：南村镇政府大院内加装电梯工程（土建部分）",{"$nulls":9},"第 11 页 共 13 页"]
["序号","编码","名称",null,"单位","工程量 ","其中：（元）",{"$nulls":6},"综合单价\n（元）"]
[{"$nulls":6},"人工费","材料费","机具费","管理费",null,"利润","小计"]
[60,"010802001001","金属(塑钢)门",null,"m2","1.89",43.59,603.88,null,6.39,null,8.72,662.57]
[null,"MC1-60","新建不锈钢门制安（含门锁及配件） 平开",null,"m2",1.89,null,520.21,{"$nulls":4},520.21,662.57]
[null,"A1-9-180","塑钢门安装 平开",null,"100m2",0.0189,43.59,83.67,null,6.39,null,8.72,142.36]
[61,"010902003002","屋面刚性层",null,"m2","8.86",43.19,125.45,0.51,6.83,null,8.74,184.72]
[null,"A1-11-126 换","屋面现浇陶粒混凝土隔热层 #25 100mm厚 \u007f实际厚度(mm):30",null,"100m2",0.0886,7.25,13.35,null,1.05,null,1.45,23.09,184.72]
[null,"A1-12-1 换","楼地面水泥砂浆找平层 混凝土或硬基层上 20mm \u007f合并制作子目 湿拌抹灰砂浆 一次抹灰厚度≥5mm M15",null,"100m2",0.0886,7.04,6.66,null,1.25,null,1.41,16.35]
[null,"A1-10-125","高分子卷材 1.2mm厚 冷贴 平面",null,"100m2",0.0886,10.49,60.54,null,1.52,null,2.1,74.64]
[null,"A1-12-2 换","楼地面水泥砂浆找平层 填充层上 20mm \u007f合并制作子目 普通干混防水砂浆 DW M15",null,"100m2",0.0886,7.97,13.83,0.51,1.5,null,1.7,25.51]
[null,"A1-11-121","干铺聚苯乙烯泡沫板屋面保温50mm",null,"100m2",0.0886,10.44,31.07,null,1.51,null,2.09,45.11]
[62,"011102003002","块料楼地面",null,"m2","15.36",30.99,64.2,null,5.49,null,6.2,106.89]
[null,"A1-12-1 换","楼地面水泥砂浆找平层 混凝土或硬基层上 20mm \u007f合并制作子目 湿拌地面砂浆 地面普通找平 M20",null,"100m2",0.1536,7.04,13.71,null,1.25,null,1.41,23.4,106.89]
[null,"A1-12-72 换","楼地面陶瓷地砖(每块周长mm) 1300以内 水泥砂浆 \u007f实际结合层厚度(mm):3 \u007f合并制作子目 湿拌防水砂浆：P6 用于抗渗压力要求的工程部位 M20 \u007f合并制作子目 湿拌防水砂浆：P6 用于抗渗压力要求的工程部位 M20",null,"100m2",0.1536,23.95,50.5,null,4.25,null,4.79,83.48]
["综合单价计算表"]
["工程名称：南村镇政府大院内加装电梯工程（土建部分）",{"$nulls":9},"第 12 页 共 13 页"]
["序号","编码","名称",null,"单位","工程量 ","其中：（元）",{"$nulls":6},"综合单价\n（元）"]
[{"$nulls":6},"人工费","材料费","机具费","管理费",null,"利润","小计"]
[63,"011105002002","石材踢脚线",null,"m2","1.279",46.94,257.87,null,8.32,null,9.39,322.53]
[null,"A1-12-59 换","铺贴花岗岩 踢脚线 水泥砂浆 \u007f合并制作子目 湿拌地面砂浆 地面普通找平 M25",null,"100m2",0.01279,46.94,257.87,null,8.32,null,9.39,322.53,322.53]
[64,"011201001003","墙面一般抹灰--内墙面",null,"m2","126.0969",20.69,29.2,null,3.12,null,4.14,57.14]
[null,"A1-15-192","室内涂料三遍 内墙防霉涂料",null,"100m2",1.260969,10.95,12.63,null,1.65,null,2.19,27.42,57.14]
[null,"A1-15-154 换","成品腻子膏(一般型)Y型 墙面 满刮一遍 \u007f实际腻子遍数(遍):3",null,"100m2",1.260969,9.73,16.57,null,1.47,null,1.95,29.72]
[65,"011201001004","墙面一般抹灰--外墙面",null,"m2","225.251",64.78,84.28,0.27,9.97,null,13.01,172.32]
[null,"A1-13-23 换","墙面 聚合物水泥砂浆 20mm \u007f实际聚合物水泥砂浆厚度(mm):7",null,"100m2",2.25251,14.38,12.22,0.27,2.27,null,2.93,32.08,172.32]
[null,"A1-13-13 换","各种墙面15+5mm 水泥石灰砂浆底 水泥石灰砂浆面 外墙 \u007f合并制作子目 湿拌抹灰砂浆 一次抹灰厚度≥5mm M20 \u007f合并制作子目 湿拌抹灰砂浆 一次抹灰厚度≥5mm M10",null,"100m2",2.25251,24.16,15.43,null,3.74,null,4.83,48.16]
[null,"A1-15-143","真石漆 墙面",null,"100m2",2.25251,26.25,56.63,null,3.96,null,5.25,92.09]
[66,"011301001002","天棚抹灰",null,"m2","19.363",25.85,30.63,null,3.9,null,5.17,65.55]
[null,"A1-15-155 换","成品腻子膏(一般型)Y型 天棚面 满刮一遍 \u007f实际腻子遍数(遍):3",null,"100m2",0.19363,12.18,17.4,null,1.83,null,2.44,33.84,65.55]
[null,"A1-15-193","室内涂料三遍 天棚防霉涂料",null,"100m2",0.19363,13.68,13.23,null,2.06,null,2.74,31.7]
[67,"040202015002","水泥稳定碎(砾)石",null,"m2","19.8",9.58,51.65,2.23,1.34,null,2.36,67.16]
[null,"借D2-2-1 换","路拌铺筑水泥石屑混合料 水泥含量 6% 厚度 15cm \u007f实际厚度(cm):18",null,"100m2",0.198,9.58,51.65,2.23,1.34,null,2.36,67.16,67.16]
[68,"040203007002","水泥混凝土--混凝土地面修复",null,"m2","19.8",31.37,127.08,0.32,3.6,null,6.34,168.71]
["综合单价计算表"]
["工程名称：南村镇政府大院内加装电梯工程（土建部分）",{"$nulls":9},"第 13 页 共 13 页"]
["序号","编码","名称",null,"单位","工程量 ","其中：（元）",{"$nulls":6},"综合单价\n（元）"]
[{"$nulls":6},"人工费","材料费","机具费","管理费",null,"利润","小计"]
[null,"借D2-3-46 换","水泥混凝土路面 厚度 20cm \u007f合并制作子目 普通预拌混凝土 碎石粒径综合考虑 C25",null,"100m2",0.198,31.37,127.08,0.32,3.6,null,6.34,168.71,168.71]
{"$rows_empty":18}
[null,null,"合计",{"$nulls":3},13556.74,64809.36,4492,4472.37,null,3609.72,90940.07,90940.07]

{"sheet":"表-11 总价措施项目清单与计价表-1","index":3,"n_rows":19,"n_cols":11,"rows_kept":19,"merged":[[0,0,0,11],[1,0,1,5],[1,6,1,7],[1,8,1,11],[2,5,2,6],[2,7,2,8],[3,5,3,6],[3,7,3,8],[4,5,4,6],[4,7,4,8],[5,5,5,6],[5,7,5,8],[6,5,6,6],[6,7,6,8],[7,5,7,6],[7,7,7,8],[8,5,8,6],[8,7,8,8],[9,5,9,6],[9,7,9,8],[10,5,10,6],[10,7,10,8],[11,5,11,6],[11,7,11,8],[12,5,12,6],[12,7,12,8],[13,5,13,6],[13,7,13,8],[14,5,14,6],[14,7,14,8],[15,5,15,6],[15,7,15,8],[16,0,16,4],[16,5,16,6],[16,7,16,8],[17,0,17,5],[17,6,17,11],[18,0,18,5],[18,6,18,7],[18,8,18,11]]}
["总价措施项目清单与计价表"]
["工程名称：南村镇政府大院内加装电梯工程（土建部分）",{"$nulls":5},"标段：",null,"第 1 页  共 1 页"]
["序号","项目编码","项目名称","计算基础","费率\n(%)","金额\n(元)",null,"调整\n费率(%)",null,"调整后\n金额(元)","备注"]
["1","LSSGCSF00001","绿色施工安全防护措施费","分部分项人工费+分部分项机具费","19",18049.03,{"$nulls":4},"以分部分项的人工费与施工机具费之和为计算基础，费率19%"]
["2","WMGDZJF00001","文明工地增加费","分部分项人工费+分部分项机具费","0",{"$nulls":5},"以分部分项的人工费与施工机具费之和为计算基础，市级文明工地为1.20%；省级文明工地为2.10%"]
["3","011707002001","夜间施工增加费",null,"20",{"$nulls":5},"以夜间施工项目人工费的20%计算"]
["4","GGCSF0000001","赶工措施费","分部分项人工费+分部分项机具费","0",{"$nulls":5},"赶工措施费=（1-δ）*分部分项的（人工费+施工机具费）*0.3 （0.8≤δ＜1   式中：δ=合同工期/定额工期）"]
["5","QTFY00000001","其他费用",{"$nulls":7},"按经批准的专项施工组织方案计算"]
{"$rows_empty":8}
["合    计",{"$nulls":4},18049.03]
["编制人（造价人员）：",{"$nulls":5},"复核人（造价工程师）："]
[{"$nulls":8},"表-11"]

{"sheet":"表-12 其他项目清单与计价汇总表-1","index":4,"n_rows":38,"n_cols":7,"rows_kept":38,"merged":[[0,0,0,4],[0,5,0,7],[1,0,1,7],[2,0,2,2],[2,3,2,4],[2,5,2,7],[3,2,3,3],[3,4,3,5],[4,2,4,3],[4,4,4,5],[5,2,5,3],[5,4,5,5],[6,2,6,3],[6,4,6,5],[7,2,7,3],[7,4,7,5],[8,2,8,3],[8,4,8,5],[9,2,9,3],[9,4,9,5],[10,2,10,3],[10,4,10,5],[11,2,11,3],[11,4,11,5],[12,2,12,3],[12,4,12,5],[13,2,13,3],[13,4,13,5],[14,2,14,3],[14,4,14,5],[15,2,15,3],[15,4,15,5],[16,2,16,3],[16,4,16,5],[17,2,17,3],[17,4,17,5],[18,2,18,3],[18,4,18,5],[19,2,19,3],[19,4,19,5],[20,2,20,3],[20,4,20,5],[21,2,21,3],[21,4,21,5],[22,2,22,3],[22,4,22,5],[23,2,23,3],[23,4,23,5],[24,2,24,3],[24,4,24,5],[25,2,25,3],[25,4,25,5],[26,2,26,3],[26,4,26,5],[27,2,27,3],[27,4,27,5],[28,2,28,3],[28,4,28,5],[29,2,29,3],[29,4,29,5],[30,2,30,3],[30,4,30,5],[31,2,31,3],[31,4,31,5],[32,2,32,3],[32,4,32,5],[33,2,33,3],[33,4,33,5],[34,2,34,3],[34,4,34,5],[35,2,35,3],[35,4,35,5],[36,0,36,7],[37,0,37,2],[37,3,37,4],[37,5,37,7]]}
[]
["其他项目清单与计价汇总表"]
["工程名称：南村镇政府大院内加装电梯工程（土建部分）",null,null,"标段：",null,"第 1 页  共 1 页"]
["序号","项目名称","金额（元）",null,"结算金额（元）",null,"备注"]
["1","暂列金额",{"$nulls":4},"明细详见表-12-1"]
["2","暂估价"]
["2.1","材料暂估价","—",{"$nulls":3},"明细详见表-12-2"]
["2.2","专业工程暂估价",{"$nulls":4},"明细详见表-12-3"]
["3","计日工",{"$nulls":4},"明细详见表-12-4"]
["4","总承包服务费",{"$nulls":4},"明细详见表-12-5"]
["5","预算包干费","6649.64"]
["6","工程优质费"]
["7","概算幅度差"]
["8","现场签证费用"]
["9","索赔费用"]
["10","其他费用"]
{"$rows_empty":19}
[null,"合  计","6649.64",{"$nulls":3},"—"]
["注：材料（工程设备）暂估单价进入清单项目综合单价，此处不汇总。"]
[{"$nulls":5},"表—12"]

{"sheet":"表-13 规费、税金项目清单与计价表-1","index":5,"n_rows":36,"n_cols":8,"rows_kept":36,"merged":[[0,0,0,8],[1,0,1,2],[1,3,1,5],[1,6,1,8],[2,2,2,3],[2,5,2,6],[3,2,3,3],[3,5,3,6],[4,2,4,3],[4,5,4,6],[5,2,5,3],[5,5,5,6],[6,2,6,3],[6,5,6,6],[7,2,7,3],[7,5,7,6],[8,2,8,3],[8,5,8,6],[9,2,9,3],[9,5,9,6],[10,2,10,3],[10,5,10,6],[11,2,11,3],[11,5,11,6],[12,2,12,3],[12,5,12,6],[13,2,13,3],[13,5,13,6],[14,2,14,3],[14,5,14,6],[15,2,15,3],[15,5,15,6],[16,2,16,3],[16,5,16,6],[17,2,17,3],[17,5,17,6],[18,2,18,3],[18,5,18,6],[19,2,19,3],[19,5,19,6],[20,2,20,3],[20,5,20,6],[21,2,21,3],[21,5,21,6],[22,2,22,3],[22,5,22,6],[23,2,23,3],[23,5,23,6],[24,2,24,3],[24,5,24,6],[25,2,25,3],[25,5,25,6],[26,2,26,3],[26,5,26,6],[27,2,27,3],[27,5,27,6],[28,2,28,3],[28,5,28,6],[29,2,29,3],[29,5,29,6],[30,2,30,3],[30,5,30,6],[31,2,31,3],[31,5,31,6],[32,2,32,3],[32,5,32,6],[33,0,33,6],[34,0,34,2],[34,3,34,8],[35,0,35,2],[35,3,35,5],[35,6,35,8]]}
["规费、税金项目清单与计价表"]
["工程名称：南村镇政府大院内加装电梯工程（土建部分）",null,null,"标段：",null,null,"第 1 页  共 1 页"]
["序号","项目名称","计算基础",null,"取费基数","计算费率\n(%)",null,"金额(元)"]
["1","增值税销项税额","分部分项合计+措施合计+其他项目",null,444328.2,"9",null,39989.54]
{"$rows_empty":29}
["合    计",{"$nulls":6},39989.54]
[" 编制人（造价人员）：",null,null,"复核人（造价工程师）："]
[{"$nulls":6},"表—13"]